000 00182 a2200097 4500
001 8928
100 _aTolstoy D
245 _aWare & Peace
260 _a
_bD
_c
090 _c7117
_d7117
942 _aNUST-CAE
_cM
_c33731
999 _c244001
_d244001